000
00210nam a22000857a 4500
008
161121b xxu||||| |||| 00| 0 eng d
100
_9
1300
_a
CBSE
245
_a
F.A. Social Science-IX
260
_a
New delhi
_b
CBSE
_c
2010
999
_c
4010
_d
4010